[Event "SLO-chT2 East"]
[Site "Brezice Maribor"]
[Date "2012.10.06"]
[Round "4"]
[White "Gruden, Marjan"]
[Black "Ivekovic, Zvonimir"]
[Result "0-1"]
[WhiteElo "2037"]
[BlackElo "2303"]
[PlyCount "84"]
[EventDate "2012.09.08"]
[EventType "team-tourn"]
[EventRounds "9"]
[EventCountry "SLO"]
[SourceTitle "EXT 2022"]
[Source "ChessBase"]
[SourceDate "2021.10.06"]
[SourceVersion "1"]
[SourceVersionDate "2021.10.06"]
[SourceQuality "1"]

1. e4 c5 2. Nf3 d6 3. d4 cxd4 4. Nxd4 Nf6 5. Nc3 a6 6. Be2 e5 7. Nb3 Be7 8. 0-0 0-0 9. f4 b5 10. fxe5 dxe5 11. Qxd8 Rxd8 12. Bg5 Nbd7 13. Bf3 h6 14. Be3 Bb4 15. Ne2 Bb7 16. c3 Bf8 17. Ng3 a5 18. Rad1 a4 19. Nc1 Bc5 20. Kf2 a3 21. b3 Rac8 22. Bxc5 Rxc5 23. Rd3 Rdc8 24. Nce2 R5c7 25. Rfd1 Nc5 26. Rd8+ Kh7 27. Ke3 Rxd8 28. Rxd8 g5 29. h3 Bc8 30. Rd6 Be6 31. Nc1 Nb7 32. Rd3 Kg6 33. Kd2 h5 34. Re3 Nc5 35. Nd3 Rd7 36. Kc2 Nxd3 37. Rxd3 Bxb3+ 38. Kxb3 Rxd3 39. Kc2 Rd8 40. Be2 h4 41. Nf5 Nxe4 42. Ne7+ Kf6 0-1

[Event "SLO-chT2 Ost"]
[Site "Slovenia"]
[Date "2010.09.25"]
[Round "5"]
[White "Ivekovic, Mario"]
[Black "Gruden, Marjan"]
[Result "1-0"]
[WhiteElo "2257"]
[BlackElo "1940"]
[PlyCount "120"]
[EventDate "2010.05.29"]
[EventType "team-tourn"]
[EventRounds "9"]
[EventCountry "SLO"]
[SourceTitle "EXT 2022"]
[Source "ChessBase"]
[SourceDate "2021.10.06"]
[SourceVersion "1"]
[SourceVersionDate "2021.10.06"]
[SourceQuality "1"]

1. e4 c6 2. d4 d5 3. exd5 cxd5 4. Bd3 Nc6 5. c3 Nf6 6. Bf4 e6 7. Nf3 Be7 8. 0-0 0-0 9. Re1 Nh5 10. Bc1 g6 11. Ne5 Qc7 12. Bh6 Ng7 13. Nd2 Nxe5 14. dxe5 a6 15. Nf3 Bd7 16. Qd2 b5 17. Bg5 Qd8 18. Bxe7 Qxe7 19. Qh6 f5 20. exf6 Rxf6 21. Qg5 Rf7 22. Qxe7 Rxe7 23. Re5 Rae8 24. Rae1 Nf5 25. Bxf5 gxf5 26. Nd4 Kf7 27. f4 Kf6 28. R1e3 Bc8 29. Kf2 h5 30. Rg3 Rh8 31. Rge3 Rhh7 32. b4 h4 33. Nb3 Rhg7 34. Nd4 Rh7 35. Nf3 Rc7 36. Nd4 Rce7 37. a3 Rhg7 38. Nf3 h3 39. g3 Rc7 40. Ng5 Rc6 41. Nxh3 Rgc7 42. Ng5 Rxc3 43. Nxe6 Rxe3 44. Nxc7 Rxe5 45. fxe5+ Kxe5 46. h4 Bb7 47. Ne8 f4 48. gxf4+ Kxf4 49. h5 d4 50. Nd6 Bd5 51. h6 Bg8 52. Ke2 Ke5 53. Ne8 Bh7 54. Nc7 Kd6 55. Nxa6 Kd5 56. Nc7+ Kc4 57. Kd2 Bb1 58. Ne6 Bf5 59. Ng5 Kb3 60. Ne6 d3 1-0

[Event "SLO-chT2 Ost"]
[Site "Maribor"]
[Date "2009.05.30"]
[Round "1"]
[White "Ivekovic, Zvonimir"]
[Black "Gruden, Marjan"]
[Result "1-0"]
[WhiteElo "2299"]
[BlackElo "1943"]
[PlyCount "91"]
[EventDate "2009.05.30"]
[EventType "team-tourn"]
[EventRounds "9"]
[EventCountry "SLO"]
[SourceTitle "EXT 2022"]
[Source "ChessBase"]
[SourceDate "2021.10.06"]
[SourceVersion "1"]
[SourceVersionDate "2021.10.06"]
[SourceQuality "1"]

1. e4 c6 2. d4 d5 3. exd5 cxd5 4. c4 e6 5. Nf3 Nc6 6. cxd5 exd5 7. Bd3 Bb4+ 8. Nc3 Nf6 9. 0-0 0-0 10. a3 Bxc3 11. bxc3 Bg4 12. h3 Bh5 13. Bg5 Qd6 14. Qd2 Bg6 15. c4 Ne4 16. Qf4 dxc4 17. Qxd6 Nxd6 18. Bxg6 hxg6 19. d5 Na5 20. Be7 Rfd8 21. Bxd8 Rxd8 22. Rfd1 Nb3 23. Ra2 Ne4 24. Rc2 b5 25. Ne5 Rd6 26. Nc6 a6 27. a4 Kf8 28. axb5 axb5 29. Na7 Rb6 30. Nxb5 Rxb5 31. Rxc4 Nec5 32. d6 Rb7 33. f4 Rd7 34. Rc3 f5 35. g4 Kf7 36. Kf1 Rd8 37. d7 Ke7 38. Re3+ Kf7 39. Rd5 Rxd7 40. Rxd7+ Nxd7 41. Rxb3 Nf6 42. Rb7+ Kf8 43. gxf5 gxf5 44. Kf2 Kg8 45. Rb5 g6 46. Ke3 1-0

[Event "SLO-chT2 East"]
[Site "Brezice Maribor"]
[Date "2008.11.15"]
[Round "9"]
[White "Supancic, Robert"]
[Black "Gruden, Marjan"]
[Result "1-0"]
[WhiteElo "1986"]
[BlackElo "1981"]
[PlyCount "109"]
[EventDate "2008.10.24"]
[EventType "team-tourn"]
[EventRounds "9"]
[EventCountry "SLO"]
[SourceTitle "EXT 2010"]
[Source "ChessBase"]
[SourceDate "2010.11.25"]
[SourceVersion "1"]
[SourceVersionDate "2010.11.25"]
[SourceQuality "1"]

1. e4 c6 2. d4 d5 3. f3 Nd7 4. Nc3 Nb6 5. Bf4 g6 6. a4 a5 7. Qd2 Bg7 8. 0-0-0 e6 9. Nh3 Qe7 10. Nf2 Qb4 11. Nd3 Qe7 12. Qf2 Bh6 13. h4 Bxf4+ 14. Nxf4 Bd7 15. Kb1 0-0-0 16. e5 Kb8 17. Nd3 Bc8 18. Qd2 Qc7 19. h5 Ne7 20. Qf4 Nf5 21. Nc5 g5 22. Qxg5 Rhg8 23. Qf4 Ng3 24. Rh2 Nd7 25. Bd3 Nxc5 26. dxc5 f5 27. Rh3 Qg7 28. h6 Qg5 29. Qd4 Rg6 30. Qh4 Rdg8 31. Qxg5 Rxg5 32. Rh4 Ka7 33. Ka2 b6 34. cxb6+ Kxb6 35. b4 Rh5 36. Rxh5 Nxh5 37. g4 Nf4 38. bxa5+ Kxa5 39. Rg1 Nxd3 40. cxd3 Ba6 41. d4 Kb4 42. Kb2 Kc4 43. Ne2 fxg4 44. Rxg4 Rf8 45. Nf4 Bc8 46. Kc2 Kb4 47. Nd3+ Kxa4 48. Rf4 Rxf4 49. Nxf4 Bd7 50. Kc3 Kb5 51. Ng6 c5 52. Nf8 cxd4+ 53. Kxd4 Kc6 54. Nxh7 Be8 55. Nf8 1-0